Changes in commercial systems of Foreign Nations. Letter from the Secretary of State, transmitting a report, in pursuance of an act of 16th August, 1842, containing an account of changes and modifications in the commercial systems of other nations, by treaties, duties on imports, and other regulations.

Bibliographic Details
Corporate Authors: United States. Congress. House. Committee on Ways and Means, ProQuest (Firm), United States. Department of State
Format: Government Document eBook
Language:English
Published: Washington : [publisher not identified], 1842.
Series:United States congressional serial set.
Subjects:
Online Access:Connect to the full text of this electronic book

MARC

Tag First Indicator Second Indicator Subfields
LEADER 00000cam a22000001a 4500
001 in00002802811
005 20190331175953.0
006 m o d
007 cr bn mmmapmmp
008 091223s1842 dcud o f000 0 eng d
035 |a cis2004325464 
040 |a UMI  |c UMI  |d UtOrBLW 
043 |a n-us--- 
086 0 |a S 1.9:842/2 
099 |a ProQuest Serial Set Number 419 H.doc.29 
110 1 |a United States.  |b Congress.  |b House.  |b Committee on Ways and Means. 
245 1 0 |a Changes in commercial systems of Foreign Nations. Letter from the Secretary of State, transmitting a report, in pursuance of an act of 16th August, 1842, containing an account of changes and modifications in the commercial systems of other nations, by treaties, duties on imports, and other regulations. 
246 1 |a Tariffs and commercial laws of foreign nations, and alterations and changes in 
264 1 |a Washington :  |b [publisher not identified],  |c 1842. 
300 |a 1 online resource. 
336 |a text  |b txt  |2 rdacontent 
337 |a computer  |b c  |2 rdamedia 
338 |a online resource  |b cr  |2 rdacarrier 
490 0 |a H.doc.29 
500 |a Record is based on bibliographic data in ProQuest U.S. Serial Set Digital Collection (last viewed Dec. 2009). Reuse except for individual research requires license from ProQuest, LLC. 
510 3 |a ProQuest U.S. Serial Set Digital Collection 
500 |a Electronic resource. 
650 0 |a International economic relations. 
650 0 |a International relations. 
650 0 |a Tariff. 
655 7 |a Electronic books.  |2 local 
710 2 |a ProQuest (Firm) 
710 1 |a United States.  |b Department of State. 
830 0 |a United States congressional serial set. 
856 4 0 |u http://proxy.library.tamu.edu/login?url=http://congressional.proquest.com/congcomp/getdoc?SERIAL-SET-ID=419+H.doc.29  |z Connect to the full text of this electronic book  |t 0 
999 |a MARS 
999 f f |s 15661e6c-6dfb-3377-910f-bd3ee09d466e  |i f87806bc-daa0-37fb-87f4-742f6754745a  |t 0 
952 f f |a Texas A&M University  |b College Station  |c Electronic Resources  |d Available Online  |t 0  |e ProQuest Serial Set Number 419 H.doc.29  |h Other scheme 
998 f f |a ProQuest Serial Set Number 419 H.doc.29  |t 0  |l Available Online